أشهر الرسامين و الموسيقيين العالميين / (رقم التسجيلة. 26886)

تفاصيل مارك
000 -LEADER
fixed length control field 00578nam a22001937a 4500
005 - DATE AND TIME OF LATEST TRANSACTION
control field 20251108165408.0
008 - FIXED-LENGTH DATA ELEMENTS--GENERAL INFORMATION
fixed length control field 250721s9999 xx 000 0 ara d
082 14 - DEWEY DECIMAL CLASSIFICATION NUMBER
Classification number م/927.5/سحا
100 1# - MAIN ENTRY--PERSONAL NAME
Personal name السحار، سعيد جودة
245 10 - TITLE STATEMENT
Title أشهر الرسامين و الموسيقيين العالميين /
264 1# - PRODUCTION, PUBLICATION, DISTRIBUTION, MANUFACTURE, AND COPYRIGHT NOTICE
Place of production, publication, distribution, manufacture القاهرة :
Name of producer, publisher, distributor, manufacturer مكتبة مصر،
Date of production, publication, distribution, manufacture, or copyright notice [19-].
300 ## - PHYSICAL DESCRIPTION
Extent 157ص : مص.
650 17 - SUBJECT ADDED ENTRY--TOPICAL TERM
Topical term or geographic name as entry element الرسامون
650 17 - SUBJECT ADDED ENTRY--TOPICAL TERM
Topical term or geographic name as entry element الموسيقيون
650 17 - SUBJECT ADDED ENTRY--TOPICAL TERM
Topical term or geographic name as entry element الفنون
700 1# - ADDED ENTRY--PERSONAL NAME
Personal name قطب، جمال
942 ## - ADDED ENTRY ELEMENTS (KOHA)
Source of classification or shelving scheme Dewey Decimal Classification
Koha item type مراجع
المقتنيات
حالة السحب حالة الفقدان مصدر التصنيف حالة التلف غير قابل للإعارة المكتبة الرئيسية المكتبة الحالية موقع الرف تاريخ التزويد الرقم المتسلسل Total Checkouts رقم الإستدعاء الباركود تاريخ آخر ظهور تاريخ الفاتورة نوع المادة (كوها)
    Dewey Decimal Classification   Not For Loan المكتبة المركزية المكتبة المركزية مراجع 06/07/2004 166990   م/927.5/سحا 166990 28/07/2025 06/07/2004 مراجع
    Dewey Decimal Classification   Not For Loan المكتبة المركزية المكتبة المركزية مراجع 13/09/2012 1533694   م/927.5/سحا PLD00257025 28/07/2025 13/09/2012 مراجع
    Dewey Decimal Classification   Not For Loan مكتبة أم قصير والمقابلين العامة مكتبة أم قصير والمقابلين العامة مراجع 06/07/2004 2131   م/927.5/سحا DUP-02_2131 28/07/2025 06/07/2004 مراجع
    Dewey Decimal Classification   Not For Loan مكتبة الاميرة بديعة مكتبة الاميرة بديعة مراجع 13/09/2012 1533696   م/927.5/سحا PLD00257026 28/07/2025 13/09/2012 مراجع
    Dewey Decimal Classification   Not For Loan مكتبة النصر العامة مكتبة النصر العامة مراجع 13/09/2012 1533697   م/927.5/سحا PLD00257027 28/07/2025 13/09/2012 مراجع
Implemented & Customized by: BBB with SCIT (Smart Chains for Information Technology)

Powered by Koha